00462nam a22001697a 450000500170000000800410001702000180005804000210007604100080009708200150010510000300012024500480015025000120019826000420021030000100025265000300026220240622065224.0240622b |||||||| |||| 00| 0 eng d a9788172132965 aIN-DiNCcIN-DiNC dasm a388.1bBOR aBoruah, Madhurimaeauthor aAsamar path parikrama/cby Madhurima Boruah a1st ed. aGuwahati:bPurbanchal prakash,c2016. a200p. aHistory of roads in Assam